Jojoba: New crop for Arid lands, new raw material for industry
Αποθηκεύτηκε σε:
| Μορφή: | Βιβλίο |
|---|---|
| Γλώσσα: | Undetermined |
| Έκδοση: |
Washington
National Academy Press
1985
|
| Θέματα: | |
| Ετικέτες: |
Προσθήκη ετικέτας
Δεν υπάρχουν, Καταχωρήστε ετικέτα πρώτοι!
|
| Thư viện lưu trữ: | Trung tâm Học liệu Trường Đại học Cần Thơ |
|---|
| LEADER | 00474nam a2200157Ia 4500 | ||
|---|---|---|---|
| 001 | CTU_38756 | ||
| 008 | 210402s9999 xx 000 0 und d | ||
| 082 | |a 633.85 | ||
| 082 | |b J62 | ||
| 245 | 0 | |a Jojoba: New crop for Arid lands, new raw material for industry | |
| 260 | |a Washington | ||
| 260 | |b National Academy Press | ||
| 260 | |c 1985 | ||
| 650 | |a jojoba,oil seed plants,plant oils | ||
| 904 | |i Liên, 990906 | ||
| 980 | |a Trung tâm Học liệu Trường Đại học Cần Thơ | ||